Fundamentals of disease and insect control

Bibliographic Details
Main Author: Hambidge, Gove
Format: Book
Published: Delhi: India : Biotech Books , 2004
Subjects:

MARC

LEADER 00000cam a2200000 7i4500
001 0000003778
005 20110620.0
020 0 0 |a 8176220833 
090 0 0 |a 632.2   |b GOVE 2004 
100 1 0 |a Hambidge, Gove 
245 1 0 |a Fundamentals of disease and insect control   |c Hambidge, Gove 
260 0 0 |a Delhi: India :   |b Biotech Books ,   |c 2004 
300 |a 191 p. ;   |c 23cm. 
500 0 0 |a Includes index 
650 0 0 |a Causes---disease 
650 0 0 |a Fighting---disease 
998 |a JPSM 
999 |a 007282   |b Monograph   |c Open Shelf   |e Default branch